Mario Roberto Alvarez
Guardado en:
| Autor principal: | |
|---|---|
| Formato: | Libro |
| Lenguaje: | español |
| Publicado: |
Buenos Aires
Universidad de Buenos Aires
1965
|
| Colección: | Arquitectos Américanos Contemporáneos, 10
|
| Materias: | |
| Etiquetas: |
Agregar Etiqueta
Sin Etiquetas, Sea el primero en etiquetar este registro!
|
MARC
| LEADER | 00000nam a2200000 a 4500 | ||
|---|---|---|---|
| 001 | UCT3619 | ||
| 003 | CL-VaPUC | ||
| 008 | 961024e19650000AG |||||||||||||||||spa|d | ||
| 082 | 0 | 4 | |a 720.92 |b TRA |2 21 |
| 100 | 0 | |a Trabucco, Marcelo A |e author |9 372546 | |
| 245 | 1 | 0 | |a Mario Roberto Alvarez |
| 300 | |a 42 p | ||
| 942 | |c BK | ||
| 945 | |d 19961024 00:00:00 |a rleighto | ||
| 260 | |a Buenos Aires |b Universidad de Buenos Aires |c 1965 | ||
| 600 | 0 | 7 | |a ALVAREZ, MARIO ROBERTO |2 CL-VaPUC |9 372547 |
| 650 | 0 | |a Arquitectura moderna |9 265021 | |
| 650 | 0 | |a Arquitectos |9 268647 | |
| 650 | 0 | |a Diseño arquitectónico |9 265271 | |
| 650 | 7 | |a ESTILOS ARQUITECTONICOS |2 CL-VaPUC |9 372532 | |
| 650 | 0 | |a Arquitectura urbana |9 331978 | |
| 583 | |a last modification |c 19961024 00:00:00 |k Rodrigo Vera | ||
| 490 | 0 | |a Arquitectos Américanos Contemporáneos, 10 | |
| 999 | |c 253196 |d 253194 | ||
| 952 | |0 0 |1 0 |4 0 |6 720_920000000000000_TRA_1965 |7 0 |8 A |9 273852 |a BIBARQ |b BIBARQ |d 2019-11-19 |i 3238377 |o 720.92 TRA 1965 |p 3238377 |r 2025-01-20 |w 2019-11-19 |y BK |k ARQ | ||